| 000 | 00360pab a2200133 454500 | ||
|---|---|---|---|
| 008 | 180718b1983 xxu||||| |||| 00| 0 eng d | ||
| 245 | _aWage - employment relationship in developing countries | ||
| 260 | _c1983 | ||
| 300 | _aC1-48 | ||
| 362 | _aJan. | ||
| 650 | _aWages - Underdeveloped Areas | ||
| 773 | _aIndian Journal of Labour Economics | ||
| 909 | _a20540 | ||
| 999 |
_c20540 _d20540 |
||